|
|
|
|
| LEADER |
01151cam a2200289 7i4500 |
| 001 |
0000030872 |
| 005 |
20170403090000.0 |
| 008 |
100331 eng |
| 020 |
|
|
|a 9781847875495 (pbk.)
|
| 040 |
|
|
|a OhCoOLI
|
| 090 |
0 |
0 |
|a H62
|b .S25 2009
|
| 100 |
1 |
|
|a Saldana, Johnny
|
| 245 |
1 |
4 |
|a The coding manual for qualitative researchers
|c Johnny Saldana.
|
| 260 |
|
|
|a London:
|b Sage Pub. Ltd.,
|c 2009.
|
| 300 |
|
|
|a x, 223 p.:
|b ill.;
|c 24 cm.
|
| 504 |
|
|
|a Includes bibliographical references and index
|
| 650 |
0 |
0 |
|a Qualitative research
|
| 650 |
0 |
0 |
|a Social sciences --
|x Research
|
| 997 |
|
|
|a Centre for Graduate Studies
|
| 997 |
|
|
|a Unisel Graduate School Management
|
| 997 |
|
|
|a Education & Social Sciences, Faculty
|b Social Sciences, Department
|
| 998 |
|
|
|a Industrial Psychology, Degree
|
| 999 |
|
|
|a 0000040314
|b BOK
|c REFERENCE
|e 2nd Floor, Shah Alam
|
| 999 |
|
|
|a 0000041318
|b BOK
|c REFERENCE
|e Ground Floor, Bestari Jaya
|
| 999 |
|
|
|a 0000041319
|b BOK
|c REFERENCE
|e Ground Floor, Bestari Jaya
|
| 999 |
|
|
|a 0000041320
|b BOK
|c REFERENCE
|e Ground Floor, Bestari Jaya
|
| 999 |
|
|
|a 0000041321
|b BOK
|c REFERENCE
|e Ground Floor, Bestari Jaya
|